| 000 | 00458nam a2200181Ia 4500 | ||
|---|---|---|---|
| 001 | 43604 | ||
| 008 | 140425s9999 xx 000 0 und d | ||
| 020 | _aNA | ||
| 040 | _cPK-LaUMT | ||
| 082 |
_aRHC 297.72 _bLAL-G |
||
| 100 | _aLala Sehrai | ||
| 245 |
_aGhazvaat-e-Rahmatullil Aalameen (PBUH) (Urdu) _cLala Sehrai |
||
| 260 |
_aKarachi,Pakistan: _bIdarah-e-Mutbuat-e-Tulbah, _c1997 |
||
| 300 | _a200 p. | ||
| 546 | _aUR | ||
| 650 | _aIslam | ||
| 942 | _cBK | ||
| 999 |
_c41606 _d41606 |
||